| 000 | 00642nam a2200241 a 4500 | ||
|---|---|---|---|
| 999 |
_c12046 _d12046 |
||
| 001 | 12046 | ||
| 003 | BD-JhCC | ||
| 005 | 20210309104426.0 | ||
| 008 | 210309b20102015bg a|||| ||a| 000 0 mul d | ||
| 020 | _a9789848933498 | ||
| 035 | _a(BD-JhCC)12046 | ||
| 040 |
_aBD-JhCC _dBD-JhCC |
||
| 041 | _amul | ||
| 082 |
_a006.6869 _bASH 2015 |
||
| 100 | _aAshraf, Bappi | ||
| 245 |
_aCorelDRAW / _cBappi Ashraf |
||
| 260 |
_aঢাকা : _bজ্ঞানকোষ প্রকাশনী; _c২০১৫. |
||
| 300 |
_a608 p. : _bill _c24 cm. |
||
| 650 | _aCorelDRAW! | ||
| 650 | _aComputer graphics | ||
| 942 |
_2ddc _cBK |
||